| 000 | 00610nam a2200205 4500 | ||
|---|---|---|---|
| 003 | OSt | ||
| 005 | 20260601171004.0 | ||
| 008 | 260420b1978\\\\xxua||||\||||\00|\0\eng\d | ||
| 040 |
_aICI _bspa _cICI |
||
| 050 |
_aTH7414 _bG75 |
||
| 100 | 1 |
_aGropp, Louis, _931967 |
|
| 245 | 1 |
_aSolar Houses : _b48 Energy-saving Designs _cBy Louis gropp _bA house & garden book / |
|
| 264 |
_bPantheon, _c1978 _aNew York : |
||
| 300 | _a160 páginas | ||
| 336 |
_atexto _2rdacontent |
||
| 337 |
_asin medio _2rdamedia |
||
| 338 |
_avolumen _2rdacarrier |
||
| 650 | 4 |
_aCasas solares _xDiseño y construcción _931968 |
|
| 942 |
_2lcc _cB |
||
| 999 |
_c20216 _d20216 |
||